[Event "Barranquilla Region-ch"]
[Site "Barranquilla"]
[Date "2020.01.05"]
[Round "3"]
[White "Penuela, Jorge"]
[Black "Ospino Cordoba, Anuar"]
[Result "1-0"]
[WhiteElo "1681"]
[BlackElo "1455"]
[PlyCount "67"]
[EventDate "2020.01.04"]
[EventType "swiss"]
[EventRounds "6"]
[EventCountry "COL"]
[SourceTitle "CBM 194 Extra"]
[Source "ChessBase"]
[SourceDate "2020.03.31"]
[SourceVersion "1"]
[SourceVersionDate "2020.03.31"]
[SourceQuality "1"]

1. c4 Nf6 2. Nf3 g6 3. d4 Bg7 4. Nc3 0-0 5. e3 d6 6. Bd3 b6 7. 0-0 Bb7 8. b3 e5 9. dxe5 dxe5 10. Nxe5 Ne8 11. f4 Nc6 12. Bb2 Nxe5 13. fxe5 Bxe5 14. Qc2 Qg5 15. Rae1 Rd8 16. Ne4 Bxe4 17. Bxe4 Bxb2 18. Qxb2 Nd6 19. Bb1 Rfe8 20. e4 Nxe4 21. Rxe4 Rxe4 22. Bxe4 Rd2 23. Qf6 Qc5+ 24. Kh1 Rd7 25. Bd5 h6 26. Qxg6+ Kh8 27. Bxf7 Rd8 28. Qf6+ Kh7 29. Qxd8 Qg5 30. Qxg5 hxg5 31. Bd5 a5 32. Rf7+ Kg6 33. Rxc7 Kf5 34. Re7 1-0